[Event "Festival Juan Martinez Sola 2018 Liga"]
[Site "Almeria (Spain) ESP"]
[Date "2018.11.02"]
[Round "4"]
[White "Mader, Manuela"]
[Black "Alvarez Morales, Miguel"]
[Result "1/2-1/2"]
[BlackElo "2003"]
[BlackFideId "2278154"]
[EventDate "2018.11.01"]
[PlyCount "0"]
[WhiteElo "2200"]
[WhiteFideId "24612928"]

1. e4 { [%clk 1:30:57]}  1... e6 { [%clk 1:30:43]}  2. d4 { [%clk 1:31:21]} 
2... d5 { [%clk 1:31:09]}  3. Nd2 { [%clk 1:31:46]}  3... dxe4 { [%clk
1:31:34]}  4. Nxe4 { [%clk 1:32:11]}  4... Nd7 { [%clk 1:32:01]}  5. Nf3 {
[%clk 1:32:10]}  5... Ngf6 { [%clk 1:32:26]}  6. Nxf6+ { [%clk 1:26:24]}  6...
Nxf6 { [%clk 1:32:38]}  7. Ne5 { [%clk 1:25:56]}  7... Nd7 { [%clk 1:32:14]} 
8. Qe2 { [%clk 1:17:33]}  8... Nxe5 { [%clk 1:32:00]}  9. dxe5 { [%clk
1:17:16]}  9... Qd4 { [%clk 1:28:46]}  10. c3 { [%clk 1:14:46]}  10... Qd5 {
[%clk 1:25:06]}  11. Bg5 { [%clk 1:11:50]}  11... Bd7 { [%clk 1:22:57]}  12.
Rd1 { [%clk 1:05:29]}  12... Qc6 { [%clk 1:22:54]}  13. Qc4 { [%clk 0:45:30]} 
13... Qxc4 { [%clk 1:22:13]}  14. Bxc4 { [%clk 0:45:55]}  14... Be7 { [%clk
1:22:33]}  15. h4 { [%clk 0:43:15]}  15... Bc6 { [%clk 1:22:04]}  16. f3 {
[%clk 0:42:45]}  16... h6 { [%clk 1:19:30]}  17. Be3 { [%clk 0:38:48]}  17...
a6 { [%clk 1:19:22]}  18. Kf2 { [%clk 0:37:29]}  18... O-O { [%clk 1:19:38]} 
19. g4 { [%clk 0:37:08]}  19... Rfd8 { [%clk 1:19:56]}  20. g5 { [%clk
0:22:49]}  20... Rxd1 { [%clk 1:19:20]}  21. Rxd1 { [%clk 0:23:14]}  21... Rd8
{ [%clk 1:19:45]}  22. Rxd8+ { [%clk 0:21:02]}  22... Bxd8 { [%clk 1:20:00]} 
23. Kg3 { [%clk 0:21:22]}  23... hxg5 { [%clk 1:19:38]}  24. Bxg5 { [%clk
0:19:00]}  24... Bxg5 { [%clk 1:20:01]}  25. hxg5 { [%clk 0:19:26]}  25... Bd5
{ [%clk 1:13:45]}  26. Bb3 { [%clk 0:15:44]}  26... Bxb3 { [%clk 1:04:33]}  27.
axb3 { [%clk 0:16:06]}  27... Kf8 { [%clk 1:04:09]}  28. b4 { [%clk 0:14:13]} 
28... Ke7 { [%clk 1:04:13]}  29. Kf4 { [%clk 0:14:38]}  29... g6 { [%clk
1:03:41]}  30. Ke4 { [%clk 0:13:49]}  30... Kd7 { [%clk 0:54:06]}  31. Kd4 {
[%clk 0:14:15]}  31... Kc6 { [%clk 0:54:26]}  32. Kc4 { [%clk 0:11:12]}  32...
b5+ { [%clk 0:48:35]}  33. Kd4 { [%clk 0:11:20]}  33... Kb6 { [%clk 0:49:02]} 
34. b3 { [%clk 0:11:25]}  34... Kc6 { [%clk 0:49:21]}  35. Ke4 { [%clk
0:11:30]}  35... Kb7 { [%clk 0:47:49]}  36. Kd3 { [%clk 0:11:44]}  36... Kc6 {
[%clk 0:45:02]}  37. Ke4 { [%clk 0:12:02]}  37... Kb7 { [%clk 0:45:31]}  38.
Kd3  1/2-1/2

[Event "Festival Juan Martinez Sola 2018 Liga"]
[Site "Almeria (Spain) ESP"]
[Date "2018.11.03"]
[Round "5"]
[White "Alvarez Morales, Miguel"]
[Black "Mariano-Wagman, Cristine Rose"]
[Result "1-0"]
[BlackElo "1906"]
[BlackFideId "5201071"]
[EventDate "2018.11.01"]
[PlyCount "0"]
[WhiteElo "2003"]
[WhiteFideId "2278154"]

1. d4 f5 2. g3 Nf6 3. Bg2 e6 4. c4 d5 5. Nc3 c6 6. Bf4 Bb4 7. Qa4 Qa5 8. Qxa5
Bxa5 9. c5 Bxc3+ 10. bxc3 O-O 11. a4 Bd7 12. Rb1 Bc8 13. a5 Nbd7 14. Nf3 Ne4
15. Ng5 Nxc3 16. Rb3 Nb5 17. Nxe6 Rf6 18. Rxb5 Rxe6 19. Rb2 a6 20. Bh3 Rf6 21.
O-O Nf8 22. Be5 Rf7 23. Rfb1 g5 24. e3 g4 25. Bf1 Ne6 26. h3 h5 27. h4 Kh7 28.
Rb6 Rd7 29. Bd3 Kg6 30. f3 Nd8 31. e4 fxe4 32. fxe4 Kh6 33. exd5 Rxd5 34. Rf1 
1-0

[Event "Festival Juan Martinez Sola 2018 Liga"]
[Site "Almeria (Spain) ESP"]
[Date "2018.11.03"]
[Round "5"]
[White "Jimenez Fernandez, Rebeca"]
[Black "Mader, Manuela"]
[Result "0-1"]
[BlackElo "2200"]
[BlackFideId "24612928"]
[EventDate "2018.11.01"]
[PlyCount "0"]
[WhiteElo "1917"]
[WhiteFideId "32070934"]

1. e4 { [%clk 1:28:38]}  1... c6 { [%clk 1:30:53]}  2. d4 { [%clk 1:29:00]} 
2... d5 { [%clk 1:31:20]}  3. Nc3 { [%clk 1:29:24]}  3... dxe4 { [%clk
1:31:45]}  4. Nxe4 { [%clk 1:29:48]}  4... Bf5 { [%clk 1:32:12]}  5. Ng3 {
[%clk 1:30:11]}  5... Bg6 { [%clk 1:32:37]}  6. Bc4 { [%clk 1:30:34]}  6... e6
{ [%clk 1:32:31]}  7. N1e2 { [%clk 1:30:53]}  7... Bd6 { [%clk 1:32:38]}  8.
O-O { [%clk 1:30:29]}  8... Qc7 { [%clk 1:32:18]}  9. f4 { [%clk 1:26:36]} 
9... Ne7 { [%clk 1:30:36]}  10. Bd3 { [%clk 1:26:20]}  10... Nd7 { [%clk
1:26:31]}  11. c4 { [%clk 1:22:33]}  11... c5 { [%clk 1:24:06]}  12. Bxg6 {
[%clk 1:04:42]}  12... hxg6 { [%clk 1:24:06]}  13. Ne4 { [%clk 1:04:30]}  13...
cxd4 { [%clk 0:57:03]}  14. Nxd6+ { [%clk 1:03:11]}  14... Qxd6 { [%clk
0:57:25]}  15. Qxd4 { [%clk 1:02:26]}  15... Nf5 { [%clk 0:54:16]}  16. Qxd6 {
[%clk 1:01:31]}  16... Nxd6 { [%clk 0:54:41]}  17. b3 { [%clk 1:01:26]}  17...
O-O-O { [%clk 0:53:49]}  18. Bb2 { [%clk 0:59:23]}  18... f6 { [%clk 0:53:29]} 
19. Nd4 { [%clk 0:52:06]}  19... Rhe8 { [%clk 0:51:44]}  20. c5 { [%clk
0:41:57]}  20... Nf5 { [%clk 0:50:54]}  21. c6 { [%clk 0:34:16]}  21... Nxd4 {
[%clk 0:51:03]}  22. cxb7+ { [%clk 0:33:33]}  22... Kxb7 { [%clk 0:51:28]}  23.
Bxd4 { [%clk 0:33:57]}  23... Nb8 { [%clk 0:50:59]}  24. Rad1 { [%clk 0:26:35]}
 24... Rd5 { [%clk 0:50:52]}  25. Bc3 { [%clk 0:25:29]}  25... Red8 { [%clk
0:45:31]}  26. Rxd5 { [%clk 0:24:55]}  26... Rxd5 { [%clk 0:45:56]}  27. Re1 {
[%clk 0:24:51]}  27... Rd6 { [%clk 0:37:17]}  28. Bb4 { [%clk 0:23:31]}  28...
Ra6 { [%clk 0:37:21]}  29. Bf8 { [%clk 0:20:59]}  29... Nd7 { [%clk 0:37:20]} 
30. Bxg7 { [%clk 0:19:38]}  30... Kc7 { [%clk 0:37:42]}  31. g4 { [%clk
0:19:30]}  31... Kd6 { [%clk 0:37:44]}  32. Re2 { [%clk 0:18:52]}  32... Rc6 {
[%clk 0:31:05]}  33. g5 { [%clk 0:11:27]}  33... fxg5 { [%clk 0:31:26]}  34.
fxg5 { [%clk 0:11:51]}  34... e5 { [%clk 0:31:48]}  35. h4 { [%clk 0:09:54]} 
35... Ke6 { [%clk 0:30:38]}  36. Rf2 { [%clk 0:09:50]}  36... Rd6 { [%clk
0:30:35]}  37. Kg2 { [%clk 0:04:52]}  37... Rd4 { [%clk 0:25:28]}  38. Kg3 {
[%clk 0:04:59]}  38... Kd5 { [%clk 0:25:41]}  39. Bf8 { [%clk 0:02:57]}  39...
Rd3+ { [%clk 0:25:32]}  40. Kg2 { [%clk 0:02:31]}  40... e4 { [%clk 0:25:17]} 
41. Ba3 { [%clk 0:01:37]}  41... e3 { [%clk 0:24:03]}  42. Re2 { [%clk
0:01:56]}  42... Ke4 { [%clk 0:24:27]}  43. Bc1 { [%clk 0:01:34]}  43... Nc5 {
[%clk 0:23:54]}  44. Rc2 { [%clk 0:00:54]}  44... Ne6 { [%clk 0:23:04]}  45.
Rc4+ { [%clk 0:00:56]}  45... Nd4 { [%clk 0:22:44]}  46. Bxe3 { [%clk 0:00:33]}
 46... Kxe3 { [%clk 0:22:54]}  47. Rc7 { [%clk 0:00:35]}  47... Rd2+ { [%clk
0:22:13]}  48. Kg3 { [%clk 0:00:37]}  48... Nf5+ { [%clk 0:17:26]}  49. Kh3 {
[%clk 0:00:51]}  49... Rd4 { [%clk 0:16:29]}  50. Rxa7 { [%clk 0:00:36]}  50...
Rxh4+ { [%clk 0:16:51]}  51. Kg2 { [%clk 0:00:57]}  51... Rg4+ { [%clk
0:17:18]}  52. Kf1 { [%clk 0:00:49]}  52... Rxg5 { [%clk 0:16:16]}  53. a4 {
[%clk 0:00:53]}  53... Ng3+ { [%clk 0:16:33]}  54. Ke1 { [%clk 0:01:16]}  54...
Ne4 { [%clk 0:16:48]}  55. Kd1 { [%clk 0:01:22]}  55... Rc5 { [%clk 0:14:53]} 
56. Re7 { [%clk 0:01:06]}  56... g5 { [%clk 0:15:17]}  57. b4 { [%clk 0:00:58]}
 57... Rc4 { [%clk 0:15:43]}  58. b5 { [%clk 0:01:22]}  58... g4 { [%clk
0:15:30]}  59. b6 { [%clk 0:00:39]}  59... g3 { [%clk 0:15:40]}   0-1

[Event "Festival Juan Martinez Sola 2018 Liga"]
[Site "Almeria (Spain) ESP"]
[Date "2018.11.03"]
[Round "5"]
[White "Redondo Benavente, Ana"]
[Black "Frej, Zofia"]
[Result "1-0"]
[BlackElo "1964"]
[BlackFideId "1172670"]
[EventDate "2018.11.01"]
[PlyCount "0"]
[WhiteElo "2055"]
[WhiteFideId "32021674"]

1. e4 c5 2. Nf3 Nc6 3. Bb5 Nf6 4. Bxc6 dxc6 5. Nc3 e5 6. h3 Bd6 7. d3 Be6 8. Be3
h6 9. Qd2 Qa5 10. O-O O-O-O 11. a3 Qc7 12. Rfb1 b6 13. b4 c4 14. a4 Nd7 15. Qe2
cxd3 16. cxd3 Kb7 17. d4 exd4 18. Nxd4 Bh2+ 19. Kh1 Be5 20. a5 Bxd4 21. Bxd4 b5
22. Qe3 Ne5 23. f4 Nc4 24. Qf2 f6 25. Bxa7 Rd2 26. Qc5 Qxf4 27. a6+ Kc7 28.
Nxb5+ Kd7 29. Nd4 Bxh3 30. Qxc6+ Ke7 31. Qc5+ Nd6 32. Nf5+ Bxf5 33. exf5 Rc8
34. Qe3+ Qxe3 35. Bxe3 Rd5 36. Bc5 Ke8 37. Re1+ Kf7 38. a7 Ra8 39. Rad1 Rxd1
40. Rxd1 Nxf5 41. Rd7+ Kg6 42. Rb7  1-0

[Event "Festival Juan Martinez Sola 2018 Liga"]
[Site "Almeria (Spain) ESP"]
[Date "2018.11.03"]
[Round "5"]
[White "Lach, Aleksandra"]
[Black "Garcia Porlan, Beatriz"]
[Result "1-0"]
[BlackElo "2076"]
[BlackFideId "2244500"]
[EventDate "2018.11.01"]
[PlyCount "0"]
[WhiteElo "2205"]
[WhiteFideId "1134299"]

1. e4 { [%clk 1:28:00]}  1... e5 { [%clk 1:30:49]}  2. Nf3 { [%clk 1:27:57]} 
2... Nc6 { [%clk 1:31:12]}  3. Bb5 { [%clk 1:28:12]}  3... a6 { [%clk 1:31:36]}
 4. Ba4 { [%clk 1:28:30]}  4... Nf6 { [%clk 1:31:54]}  5. O-O { [%clk 1:28:19]}
 5... Be7 { [%clk 1:32:13]}  6. Bxc6 { [%clk 1:28:36]}  6... dxc6 { [%clk
1:23:39]}  7. d3 { [%clk 1:28:46]}  7... Bd6 { [%clk 1:15:24]}  8. b3 { [%clk
1:29:00]}  8... O-O { [%clk 1:13:56]}  9. Bb2 { [%clk 1:29:23]}  9... Nd7 {
[%clk 1:12:58]}  10. Nbd2 { [%clk 1:28:49]}  10... f6 { [%clk 1:12:34]}  11.
Nc4 { [%clk 1:28:07]}  11... Nc5 { [%clk 1:07:02]}  12. Nh4 { [%clk 1:20:59]} 
12... Ne6 { [%clk 0:59:19]}  13. Nf5 { [%clk 1:15:53]}  13... Bc5 { [%clk
0:50:54]}  14. Kh1 { [%clk 1:08:27]}  14... Qe8 { [%clk 0:38:52]}  15. c3 {
[%clk 1:03:24]}  15... Nf4 { [%clk 0:31:35]}  16. Nce3 { [%clk 1:01:17]}  16...
g6 { [%clk 0:29:26]}  17. Ng3 { [%clk 0:59:53]}  17... Be6 { [%clk 0:27:39]} 
18. d4 { [%clk 0:58:04]}  18... Rd8 { [%clk 0:25:33]}  19. Nc2 { [%clk
0:57:13]}  19... Ba7 { [%clk 0:25:17]}  20. Bc1 { [%clk 0:49:17]}  20... Bc8 {
[%clk 0:22:04]}  21. Qf3 { [%clk 0:42:58]}  21... Ne6 { [%clk 0:21:38]}  22. d5
{ [%clk 0:37:02]}  22... cxd5 { [%clk 0:21:55]}  23. exd5 { [%clk 0:37:31]} 
23... Ng5 { [%clk 0:18:24]}  24. Qe2 { [%clk 0:29:20]}  24... Rxd5 { [%clk
0:15:13]}  25. Ba3 { [%clk 0:29:44]}  25... Rf7 { [%clk 0:14:29]}  26. f4 {
[%clk 0:30:06]}  26... Ne6 { [%clk 0:13:43]}  27. f5 { [%clk 0:30:10]}  27...
Ng7 { [%clk 0:11:51]}  28. fxg6 { [%clk 0:29:39]}  28... hxg6 { [%clk 0:12:12]}
 29. Qe4 { [%clk 0:29:46]}  29... Rfd7 { [%clk 0:05:07]}  30. Rxf6 { [%clk
0:25:41]}  30... Rd1+ { [%clk 0:05:31]}  31. Rf1 { [%clk 0:25:23]}  31... Rxa1
{ [%clk 0:04:30]}  32. Rxa1 { [%clk 0:24:59]}  32... Rf7 { [%clk 0:03:39]}  33.
Ne3 { [%clk 0:20:14]}  33... Bd7 { [%clk 0:02:09]}  34. Nd5 { [%clk 0:16:49]} 
34... c6 { [%clk 0:01:17]}  35. Ne3 { [%clk 0:15:15]}  35... Bxe3 36. Qxe3 Nf5
{ [%clk 0:01:30]}  37. Nxf5 { [%clk 0:15:44]}  37... Rxf5 { [%clk 0:01:41]} 
38. h3 { [%clk 0:14:20]}  38... Qf7 { [%clk 0:01:47]}  39. Kg1 { [%clk
0:12:37]}  39... Be6 { [%clk 0:01:08]}  40. Rd1 { [%clk 0:12:03]}  40... Qf6 {
[%clk 0:00:40]}  41. Qa7 { [%clk 0:08:52]}  41... Qf7 { [%clk 0:00:31]}  42.
Qb8+ { [%clk 0:06:49]}  42... Kg7 { [%clk 0:00:38]}  43. Bd6 { [%clk 0:07:04]} 
43... Bd5 { [%clk 0:00:32]}  44. Bxe5+ { [%clk 0:07:13]}  44... Kh6 { [%clk
0:00:57]}  45. Qh8+ { [%clk 0:07:05]}  45... Qh7 { [%clk 0:01:18]}  46. Bg7+ {
[%clk 0:07:06]}   1-0

[Event "Festival Juan Martinez Sola 2018 Liga"]
[Site "Almeria (Spain) ESP"]
[Date "2018.11.03"]
[Round "5"]
[White "Vardi, Shlomit"]
[Black "Represa Perez, Mireya"]
[Result "1/2-1/2"]
[BlackElo "2151"]
[BlackFideId "32010036"]
[EventDate "2018.11.01"]
[PlyCount "0"]
[WhiteElo "1904"]
[WhiteFideId "2801442"]

1. e4 c5 2. Nc3 a6 3. g3 b5 4. Bg2 Bb7 5. d3 e6 6. Nh3 b4 7. Na4 Nf6 8. O-O Be7
9. f4 O-O 10. Nf2 Nc6 11. g4 d5 12. g5 Ne8 13. Be3 Qa5 14. b3 Nd4 15. Bxd4 cxd4
16. exd5 exd5 17. Nh1 Qc7 18. Rf2 Nd6 19. Ng3 g6 20. Qd2 f6 21. gxf6 Rxf6 22.
f5 Nxf5 23. Nxf5 gxf5 24. Raf1 Raf8 25. Kh1 Bd6 26. Bf3 Kh8 27. Rg2 a5 28. Qf2
Be5 29. Qh4 Qd6 30. Rfg1 Rh6 31. Qg5 Rg6 32. Qh5 Rfg8 33. Rxg6 Rxg6 34. Re1 Bc8
35. Nb6 Be6 36. Re2 Bf4 37. Na4 Bd7 38. Qh3 Rh6 39. Bh5 Qg6 40. Bxg6 Rxh3 41.
Bf7 Be3 42. Rg2 h5 43. Bxd5 f4 44. Rg8+ Kh7 45. Rf8 Bg4 46. Kg2 Kg7 47. Rf7+
Kg6 48. Nb6 f3+ 49. Rxf3 Bxf3+ 50. Kxh3 Bd1 51. Nc4 Bxc2 52. Be4+ Kg5 53. Nxa5
Bb1 54. Nc6 Bxa2 55. Bd5 Bb1 56. Bc4 Bc2 57. Nxb4 Bd1 58. Nd5 Bd2 59. b4 Bf3
60. b5 Bxd5 61. Bxd5 Ba5 62. Bf3  1/2-1/2

[Event "Festival Juan Martinez Sola 2018 Liga"]
[Site "Almeria (Spain) ESP"]
[Date "2018.11.03"]
[Round "6"]
[White "Mariano-Wagman, Cristine Rose"]
[Black "Represa Perez, Mireya"]
[Result "0-1"]
[BlackElo "2151"]
[BlackFideId "32010036"]
[EventDate "2018.11.01"]
[PlyCount "0"]
[WhiteElo "1906"]
[WhiteFideId "5201071"]

1. Nf3 { [%clk 1:30:28]}  1... Nf6 { [%clk 1:30:10]}  2. c4 { [%clk 1:30:51]} 
2... g6 { [%clk 1:27:20]}  3. g3 { [%clk 1:31:16]}  3... Bg7 { [%clk 1:27:44]} 
4. Bg2 { [%clk 1:31:40]}  4... d6 { [%clk 1:27:53]}  5. d4 { [%clk 1:31:18]} 
5... O-O { [%clk 1:27:22]}  6. O-O { [%clk 1:31:41]}  6... Nc6 { [%clk
1:26:24]}  7. Nc3 { [%clk 1:30:48]}  7... Bf5 { [%clk 1:26:29]}  8. d5 { [%clk
1:29:23]}  8... Na5 { [%clk 1:25:30]}  9. Nd2 { [%clk 1:28:00]}  9... c5 {
[%clk 1:25:05]}  10. e4 { [%clk 1:27:33]}  10... Bd7 { [%clk 1:25:26]}  11. a3
{ [%clk 1:26:35]}  11... b6 { [%clk 1:22:41]}  12. Qc2 { [%clk 1:23:41]}  12...
Rb8 { [%clk 1:17:02]}  13. b3 { [%clk 1:13:13]}  13... e5 { [%clk 1:14:01]} 
14. dxe6 { [%clk 1:12:17]}  14... fxe6 { [%clk 1:07:18]}  15. Bb2 { [%clk
1:12:33]}  15... Nc6 { [%clk 1:05:03]}  16. Rad1 { [%clk 1:03:36]}  16... Nd4 {
[%clk 1:01:45]}  17. Qd3 { [%clk 1:03:42]}  17... e5 { [%clk 0:53:49]}  18. h3
{ [%clk 1:03:23]}  18... Bh6 { [%clk 0:51:07]}  19. Ne2 { [%clk 0:56:51]} 
19... Nh5 { [%clk 0:47:45]}  20. Kh2 { [%clk 0:45:53]}  20... Ng7 { [%clk
0:44:09]}  21. Bxd4 { [%clk 0:44:19]}  21... cxd4 { [%clk 0:44:08]}  22. b4 {
[%clk 0:42:34]}  22... Ne6 { [%clk 0:39:13]}  23. Nb3 { [%clk 0:29:05]}  23...
Qc8 { [%clk 0:37:46]}  24. f4 { [%clk 0:20:34]}  24... exf4 { [%clk 0:28:56]} 
25. Nbxd4 { [%clk 0:19:57]}  25... fxg3+ { [%clk 0:27:47]}  26. Kg1 { [%clk
0:19:25]}  26... Nxd4 { [%clk 0:23:52]}  27. Rxf8+ { [%clk 0:19:27]}  27...
Bxf8 { [%clk 0:23:36]}  28. Nxd4 { [%clk 0:17:11]}  28... Bxh3 { [%clk
0:22:44]}  29. Qxg3 { [%clk 0:17:11]}  29... Bxg2 { [%clk 0:22:35]}  30. Qxg2 {
[%clk 0:13:12]}  30... Qxc4 { [%clk 0:21:46]}  31. Nf5 { [%clk 0:12:48]}  31...
Re8 { [%clk 0:20:13]}  32. Ng3 { [%clk 0:10:16]}  32... Qb3 { [%clk 0:19:26]} 
33. Rf1 { [%clk 0:07:25]}  33... Qxa3 { [%clk 0:18:33]}  34. Nh5 { [%clk
0:06:15]}  34... Qe3+ { [%clk 0:16:52]}  35. Rf2 { [%clk 0:06:32]}  35... Bg7 {
[%clk 0:16:23]}  36. Nxg7 { [%clk 0:03:06]}  36... Kxg7 { [%clk 0:16:51]}  37.
Qg4 { [%clk 0:03:29]}  37... Qe1+ { [%clk 0:15:34]}  38. Rf1 { [%clk 0:03:47]} 
38... Qxe4 { [%clk 0:15:58]}  39. Qd7+ { [%clk 0:04:08]}  39... Qe7 { [%clk
0:15:16]}  40. Qg4 { [%clk 0:04:21]}  40... h5 { [%clk 0:13:45]}  41. Qd4+ {
[%clk 0:04:34]}  41... Qe5 { [%clk 0:13:45]}  42. Qc4 { [%clk 0:03:57]}  42...
Qe3+ { [%clk 0:12:33]}  43. Rf2 { [%clk 0:04:01]}  43... Qg3+ { [%clk 0:12:45]}
 44. Kf1 { [%clk 0:04:20]}  44... Qh3+ { [%clk 0:13:10]}  45. Rg2 { [%clk
0:04:18]}  45... Qh1+ { [%clk 0:13:32]}   0-1

[Event "Festival Juan Martinez Sola 2018 Liga"]
[Site "Almeria (Spain) ESP"]
[Date "2018.11.03"]
[Round "6"]
[White "Garcia Porlan, Beatriz"]
[Black "Vardi, Shlomit"]
[Result "1-0"]
[BlackElo "1904"]
[BlackFideId "2801442"]
[EventDate "2018.11.01"]
[PlyCount "0"]
[WhiteElo "2076"]
[WhiteFideId "2244500"]

1. e4 d6 2. d4 g6 3. Nc3 Bg7 4. h3 Nd7 5. g3 c5 6. Be3 Qb6 7. Nd5 Qd8 8. Ne2 e6
9. Ndc3 a6 10. a4 b6 11. Bg2 Bb7 12. O-O Ne7 13. Qd2 h5 14. Rad1 Qc7 15. dxc5
dxc5 16. Bf4 e5 17. Bg5 f6 18. Be3 Rd8 19. Qc1 O-O 20. f4 Bc6 21. g4 hxg4 22.
hxg4 exf4 23. Nxf4 Kf7 24. Ncd5 Qb8 25. Nxe7 Kxe7 26. Nxg6+ Kf7 27. Nxf8 Rxf8
28. Bf4 Qc8 29. Qd2 Re8 30. g5 Kg8 31. Bh3 fxg5 32. Bxg5 Rxe4 33. c3 Qb8 34.
Qf2 Qe8 35. Rde1 Qg6 36. Rxe4 Bxe4 37. Qg3 Be5 38. Qg4 Nf8 39. Re1 Bf3 40. Qxf3
Qxg5+ 41. Qg4 Qxg4+ 42. Bxg4 Bf4 43. Kg2 Bg5 44. Bf5 Kf7 45. Kf3 b5 46. Bc8
bxa4 47. Ra1 Ne6 48. Bxe6+ Kxe6 49. Rxa4 Bc1 50. Rxa6+ Kd5 51. Rb6 Kc4 52. Ke2
Kd5 53. Kd3 c4+ 54. Kc2 Be3 55. Rb8  1-0

[Event "Festival Juan Martinez Sola 2018 Liga"]
[Site "Almeria (Spain) ESP"]
[Date "2018.11.03"]
[Round "6"]
[White "Frej, Zofia"]
[Black "Lach, Aleksandra"]
[Result "1/2-1/2"]
[BlackElo "2205"]
[BlackFideId "1134299"]
[EventDate "2018.11.01"]
[PlyCount "0"]
[WhiteElo "1964"]
[WhiteFideId "1172670"]

1. e4 { [%clk 1:30:52]}  1... c5 { [%clk 1:26:11]}  2. Nf3 { [%clk 1:31:14]} 
2... a6 { [%clk 1:26:09]}  3. c3 { [%clk 1:31:22]}  3... d5 { [%clk 1:17:11]} 
4. exd5 { [%clk 1:31:42]}  4... Qxd5 { [%clk 1:17:03]}  5. d4 { [%clk 1:31:41]}
 5... Bg4 { [%clk 1:12:16]}  6. Be2 { [%clk 1:30:10]}  6... cxd4 { [%clk
1:11:15]}  7. cxd4 { [%clk 1:30:20]}  7... e6 { [%clk 1:10:46]}  8. Nc3 { [%clk
1:28:34]}  8... Bb4 { [%clk 1:09:07]}  9. O-O { [%clk 1:28:06]}  9... Bxc3 {
[%clk 1:04:24]}  10. bxc3 { [%clk 1:28:27]}  10... Ne7 { [%clk 1:04:03]}  11.
h3 { [%clk 1:21:22]}  11... Bh5 { [%clk 0:54:00]}  12. Qa4+ { [%clk 1:12:37]} 
12... b5 { [%clk 0:44:20]}  13. Qb3 { [%clk 1:12:22]}  13... O-O { [%clk
0:41:32]}  14. Ba3 { [%clk 1:12:31]}  14... Qd8 { [%clk 0:30:06]}  15. Bxe7 {
[%clk 1:02:06]}  15... Qxe7 { [%clk 0:28:39]}  16. a4 { [%clk 1:02:28]}  16...
bxa4 { [%clk 0:19:37]}  17. Rxa4 { [%clk 1:02:45]}  17... Ra7 { [%clk 0:17:13]}
 18. Rfa1 { [%clk 0:59:02]}  18... Rb7 { [%clk 0:16:15]}  19. Qa3 { [%clk
0:59:13]}  19... Qxa3 { [%clk 0:15:02]}  20. R1xa3 { [%clk 0:57:57]}  20...
Rb1+ { [%clk 0:09:57]}  21. Kh2 { [%clk 0:58:20]}  21... Rb2 { [%clk 0:09:53]} 
22. Bxa6 { [%clk 0:48:02]}  22... Bxf3 { [%clk 0:07:09]}  23. gxf3 { [%clk
0:48:26]}  23... Nxa6 { [%clk 0:07:19]}  24. Rxa6 { [%clk 0:48:48]}  24...
Rxf2+ { [%clk 0:07:16]}  25. Kg3 { [%clk 0:49:09]}  25... Rc2 { [%clk 0:06:06]}
 26. Rc6 { [%clk 0:48:50]}  26... g5 { [%clk 0:05:40]}  27. Rc5 { [%clk
0:38:53]}  27... h6 { [%clk 0:05:25]}  28. Ra7 { [%clk 0:39:10]}  28... Kg7 {
[%clk 0:04:45]}  29. f4 { [%clk 0:37:07]}  29... Kg6 { [%clk 0:04:00]}  30. Ra6
{ [%clk 0:34:44]}  30... Rd2 { [%clk 0:01:12]}  31. fxg5 { [%clk 0:30:45]}  
1/2-1/2